Vplyv sankcií na migračné toky z Ruskej federácie do Európskej únie a integrácia ruských migrantov v pobaltských štátoch
Migračné tendencie z Ruskej federácie do Európskej únie. Analýza zmeny ruských migračných tokov smerujúcich do EÚ po zavedení sankcií v roku 2014. Dôsledky uvalenia sankcií na migráciu a prístupy k integrácii ruských imigrantov v členských štátoch EÚ (najmä pobaltské krajiny).
Saved in:
| Main Author: | |
|---|---|
| Other Authors: | |
| Format: | Book Chapter |
| Language: | Slovak |
| Subjects: | |
| Tags: |
No Tags, Be the first to tag this record!
|
MARC
| LEADER | 00000naa a2200000 4500 | ||
|---|---|---|---|
| 001 | 0263552 | ||
| 005 | 20240502083757.9 | ||
| 041 | 0 | |a slo | |
| 044 | |a CZ | ||
| 245 | 1 | 0 | |a Vplyv sankcií na migračné toky z Ruskej federácie do Európskej únie a integrácia ruských migrantov v pobaltských štátoch |c Ivana Dancáková, Monika Kochajdová |
| 520 | |a Migračné tendencie z Ruskej federácie do Európskej únie. Analýza zmeny ruských migračných tokov smerujúcich do EÚ po zavedení sankcií v roku 2014. Dôsledky uvalenia sankcií na migráciu a prístupy k integrácii ruských imigrantov v členských štátoch EÚ (najmä pobaltské krajiny). | ||
| 610 | 2 | 0 | |a Rusko |
| 610 | 2 | 0 | |a migrácia |
| 610 | 2 | 0 | |a integrácia |
| 610 | 2 | 0 | |a Európska únia |
| 610 | 2 | 0 | |a Pobaltie |
| 100 | 1 | |a Dancáková, Ivana | |
| 700 | 1 | |a Kochajdová, Monika, 1993- | |